Opera omnia : post lovaniensium theologorum recensionem, castigata denuo ad manuscriptos codices gallicos, vaticanos, belgicos, etc., nencon ad editiones antiquiores et castigatiores : tomus septimus /

Na minha lista:
Detalhes bibliográficos
Autor principal: Agustín, Santo (autor)
Formato: Livro
Idioma:latim
Edição:Nueva ed.
Assuntos:
Tags: Adicionar Tag
Sem tags, seja o primeiro a adicionar uma tag!

MARC

LEADER 00000nam^a2200000^a^4500
001 000380627
005 20250526000000.0
009 20260310120614.7
037 |a Acervo Xavier Clavigero 
041 |a LAT 
082 |a 189. 2  |b AGU V. 7 
100 |a Agustín,  |c Santo  |e (autor) 
240 1 1 |a [Obras de San Agustín] 
245 1 0 |a Opera omnia :  |b post lovaniensium theologorum recensionem, castigata denuo ad manuscriptos codices gallicos, vaticanos, belgicos, etc., nencon ad editiones antiquiores et castigatiores : tomus septimus /  |c San Agustín. 
250 |a Nueva ed.  |b corr. y aum. 
264 |a París, Francia :  |b J.P. Migne Editorem,  |c 1841 
300 |a 870 p. ;  |c 28.0 cm. 
336 |a texto  |b txt  |2 rdacontenido 
337 |a sin mediación  |b n  |2 rdamedio 
338 |a volumen  |b nc  |2 rdasoporte 
501 |a Encuadernación particular 
545 0 |a San Agustín (354-430), obispo de Hipona, teólogo, filósofo y Padre de la Iglesia, nacido en Tagaste (Numidia), Argelia. Estudió gramática y literatura latina; enseñó retórica en Cartago, Tagaste, Roma y Milán. Fue un defensor del maniqueísmo, hasta antes de su conversión al cristianismo en el año 387. Basado en la doctrina cristiana y el neoplatonismo orienta su búsqueda de la verdad, que la encuentra en la interioridad del hombre, pues desde esa interioridad se llega a las verdades eternas y a Dios. La clave de su planteamiento está en la relación alma-Dios, teniendo al mundo exterior como mediador. Sus obras consideradas de mayor relevancia son Las confesiones, La ciudad de Dios y Sobre la Trinidad. 
561 |a Ex libris de Instituto de Literatura Puente Grande, Jal. 
561 |a Ex libris de Biblioteca Inst. Cient. de México 
561 |a Ex libris de Bibl. Iunioratus Dom. Prob. S. Ioseph 
561 |a Ex libris de Provincia Mexicana Societatis Iesu IHS 
561 |a Ex libris de A. Espinosa M. Chavinda 
562 |a Falta cubierta 
649 |a XX 
650 |a Teólogos -  |x Bibliografías 
650 |a Santos -  |x Bibliografías 
650 |a Padres de la Iglesia -  |x Bibliografías 
650 |a Dios 
650 |a Diálogos 
650 |a Epistemología 
650 |a Teología Doctrinal -  |x Tema Principal 
650 |a Cristianismo 
650 |a Neoplatónicos 
650 |a Patrística 
650 |a Filosofía y Religión 
650 |a Filosofía Medieval 
650 |a Religión 
650 |a Agustín,  |c Santo -  |x Tema Principal 
910 |a Fondo General 
920 |a Impresos - Libros 
930 |a Libros Antiguos y Raros 
905 |a 108 
901 |a 0500275651  |b IT2  |c LRA  |u 20250526 
902 |a https://opac.biblio.iteso.mx/vufind/Record/000380627